El Fracaso de las organizaciones no gubernamentales (ONGS) y la necesidad de regresar al estado /

Guardat en:
Dades bibliogràfiques
Autor principal: Zaidi, S. Akbar
Format: Text
Matèries:
Etiquetes: Afegir etiqueta
Sense etiquetes, Sigues el primer a etiquetar aquest registre!

MARC

LEADER 00000 a a2200000 04500
001 18957
003
040
100 |a Zaidi, S. Akbar  
245 |a El Fracaso de las organizaciones no gubernamentales (ONGS) y la necesidad de regresar al estado /  |c S. Akbar Zaidi 
650 |a ORGANIZACIONES NO GUBERNAMENTALES  
650 |a ESTADO  
650 |a INTERVENCION DEL ESTADO  
650 |a DESARROLLO ECONOMICO Y SOCIAL  
650 |a CONF  
773 |g número 82 -83; páginas 75-86  
999 |c 28173  |d 28173